| Tag |
First Indicator |
Second Indicator |
Subfields |
| LEADER |
00000cam a2200000 a 4500 |
| 001 |
in00005743621 |
| 005 |
20260326175724.2 |
| 006 |
m o d |
| 007 |
cr cn||||||||| |
| 008 |
081102s1986 flua ob 001 0 eng d |
| 040 |
|
|
|a E7B
|b eng
|e pn
|c E7B
|d OCLCQ
|d UBY
|d OCLCQ
|d OPELS
|d OCLCQ
|d OCLCF
|d OCLCQ
|d DEBSZ
|d LEAUB
|d S2H
|d OCLCO
|d INARC
|d OCLCO
|d OCLCQ
|d SMC
|d OCLCO
|d OCLCL
|d OCLCQ
|d OCLCL
|d OCLCQ
|d COA
|
| 019 |
|
|
|a 505064606
|a 1340069125
|a 1398120715
|a 1515212628
|
| 020 |
|
|
|a 0123645018
|q (electronic bk.)
|
| 020 |
|
|
|a 9780123645012
|q (electronic bk.)
|
| 020 |
|
|
|a 1281442852
|
| 020 |
|
|
|a 9781281442857
|
| 020 |
|
|
|a 9786611442859
|
| 020 |
|
|
|a 6611442855
|
| 020 |
|
|
|a 0080586384
|
| 020 |
|
|
|a 9780080586380
|
| 024 |
8 |
|
|a (WaSeSS)ssj0000339192
|
| 035 |
|
|
|a (OCoLC)646754218
|z (OCoLC)505064606
|z (OCoLC)1340069125
|z (OCoLC)1398120715
|z (OCoLC)1515212628
|
| 050 |
|
4 |
|a QH573
|b .I5101 1986eb
|
| 082 |
0 |
4 |
|a 571.6
|2 22
|
| 049 |
|
|
|a TXAM
|
| 245 |
0 |
0 |
|a International review of cytology
|n Volume 101 /
|c edited by G.H. Bourne, J.F. Danielli.
|
| 260 |
|
|
|a Orlando ;
|a London :
|b Academic Press,
|c 1986.
|
| 300 |
|
|
|a 1 online resource (x, 334 pages) :
|b illustrations.
|
| 336 |
|
|
|a text
|b txt
|2 rdacontent
|
| 337 |
|
|
|a computer
|b c
|2 rdamedia
|
| 338 |
|
|
|a online resource
|b cr
|2 rdacarrier
|
| 347 |
|
|
|a text file
|2 rdaft
|0 http://rdaregistry.info/termList/fileType/1002.
|
| 490 |
1 |
|
|a International review of cytology ;
|v v. 101
|
| 504 |
|
|
|a Includes bibliographical references and index.
|
| 588 |
0 |
|
|a Print version record.
|
| 505 |
0 |
|
|a Cover; International Review of Cytology, Volume 101; Copyright Pages; Contents; Contributors; Chapter 1. Intestinal Cell Membranes; I. Introduction; II. Special Features of the Small Intestine; III. Methods for Preparing Enterocyte Membranes; IV. Synthesis and Turnover of Enterocyte Membranes; V. Summary and Suggestions for Future Investigations; References; Chapter 2. Fertilization in Amphibians: The Ancestry of the Block to Polyspermy; I. Introduction; II. Fertilization of Anuran Eggs; III. Fertilization of Urodele Eggs; IV. Control of Accessory Sperm Nuclei in Urodele Fertilization
|
| 505 |
8 |
|
|a V. The Ancestral EggVI. Conclusion; References; Chapter 3. Cytoplasmic Transport and Microtubules in Telotrophic Ovarioles of Hemipteran Insects; I. Background and Introduction to the Morphology of Insect Ovarioles; II. Different Cell Types within Insect Ovarioles: Their Contribution and the Evidence for Transport between Them; III . Structure of the Nutritive Tube; IV. Possible Mechanisms of Microtubule-Associated Transport; V. Conclusion; VI. Addendum; References; Chapter 4. Hepatocarcinogenesis in the Rat: The Effect of Promoters and Carcinogens in Vivo and in Vitro; I. Introduction
|
| 505 |
8 |
|
|a II. Action of CarcinogensIII. Action of Promoters; IV. Mechanisms of Action of Carcinogens and Promoters; V. Importance of Hepatocarcinogens and Promoters for Man; VI. Conclusions; References; Chapter 5. Biochemical Aspects of Cytokinesis; I. Introduction; II. How the Cleavage Plane Is Determined; III. The Contractile Ring; IV. Cytokinesis and the Contractile Proteins; V. The Formation of the Contractile Ring; VI. Proteins Which May Modulate the Organization and Disorganization of the Contractile Ring; VII. Contraction of the Contractile Ring; VIII. Conclusion; References
|
| 505 |
8 |
|
|a IV. Steroid Hormone Receptors in the Brain during Perinatal DevelopmentV. Ontogeny of Estrogen and Progesterone Receptors in the Uterus; VI. Hormonal Effects in the Fetus and Newborn; VII. Estrogen Receptors and Their Role in Estrogen Responses in the Fetal and Neonatal Uterus; VIII. Biological Responses to Different Estrogen Sulfates in the Fetal and Neonatal Uterus; IX. Specific Binding and Biological Effects of Antiestrogens in the Fetal and Neonatal Uterus; X. Conclusions; References; Index
|
| 520 |
|
|
|a INTERNATIONAL REVIEW OF CYTOLOGY V101.
|
| 546 |
|
|
|a English.
|
| 650 |
|
0 |
|a Cells.
|
| 650 |
|
0 |
|a Cytology.
|
| 650 |
|
6 |
|a Cellules.
|
| 650 |
|
6 |
|a Cytologie.
|
| 650 |
|
7 |
|a Cells
|2 fast
|
| 650 |
|
7 |
|a Cytology
|2 fast
|
| 655 |
|
7 |
|a Electronic books.
|2 local
|
| 700 |
1 |
|
|a Bourne, Geoffrey H.
|q (Geoffrey Howard),
|d 1909-1988.
|1 https://id.oclc.org/worldcat/entity/E39PBJkdjvpBjrfGghgkjRdPcP
|
| 700 |
1 |
|
|a Danielli, J. F.
|q (James Frederic),
|d 1911-1984.
|1 https://id.oclc.org/worldcat/entity/E39PBJB8mV8ktYWD9yv44HYpT3
|
| 710 |
2 |
|
|a ScienceDirect (Online service)
|
| 776 |
1 |
|
|z 0123645018
|
| 830 |
|
0 |
|a International review of cytology ;
|v v. 101.
|
| 856 |
4 |
0 |
|u http://proxy.library.tamu.edu/login?url=https://www.sciencedirect.com/science/bookseries/00747696/101
|z Connect to the full text of this electronic book
|t 0
|
| 936 |
|
|
|a BATCHLOAD
|
| 955 |
|
|
|a Elsevier ScienceDirect 2026-2027
|
| 994 |
|
|
|a 92
|b TXA
|
| 999 |
f |
f |
|i 0d554aaf-d052-4473-9c93-2f9ccf0cbc2f
|s 32997a90-ce1a-46ac-ac50-b2026be27c3e
|t 0
|
| 952 |
f |
f |
|a Texas A&M University
|b College Station
|c Electronic Resources
|s www_evans
|d Available Online
|t 0
|e QH573 .I5101 1986eb
|h Library of Congress classification
|
| 998 |
f |
f |
|a QH573 .I5101 1986eb
|t 0
|l Available Online
|